header

The political economy of Ottoman public debt (Record no. 232590)

MARC details
000 -LEADER
fixed length control field 01596nam a2200361 a 4500
082 04 - DEWEY DECIMAL CLASSIFICATION NUMBER
Classification number 336.3435095609034
100 1# - MAIN ENTRY--AUTHOR NAME
Personal name Birdal, Murat.
245 14 - TITLE STATEMENT
Title The political economy of Ottoman public debt
260 ## - PUBLICATION, DISTRIBUTION, ETC. (IMPRINT)
Place of publication London ;
-- New York :
Name of publisher Tauris Academic Studies ;
Place of publication New York :
Name of publisher Distributed in the USA by Palgrave Macmillan,
Year of publication 2010.
300 ## - PHYSICAL DESCRIPTION
Number of Pages xviii, 232 p. :
Other physical details ill.
490 1# - SERIES STATEMENT
Series statement Library of Ottoman studies ;
650 #0 - SUBJECT ADDED ENTRY--TOPICAL TERM
Topical Term Debts, External
Topical Term Debts, Public
856 40 - ELECTRONIC LOCATION AND ACCESS
Uniform Resource Identifier http://site.ebrary.com/lib/rucke/Doc?id=10428816

No items available.

© 2026 Rongo University
Contact us: librarian | system librarian | Rongo university